[Event "Oberliga Ost B"]
[Site "?"]
[Date "2022.04.30"]
[Round "2.6"]
[White "Glaessl, Matthias"]
[Black "Nicolai, Tim"]
[Result "1-0"]
[WhiteElo "2164"]
[BlackElo "1945"]
[PlyCount "137"]
[EventDate "2021.10.10"]
[EventType "team-tourn"]
[EventCountry "GER"]
[WhiteTeam "Gera ESV"]
[BlackTeam "Erfurt SV Empor"]
[WhiteTeamCountry "GER"]
[BlackTeamCountry "GER"]

1. e4 c5 2. Nf3 g6 3. d4 cxd4 4. Nxd4 Nf6 5. Nc3 d6 6. Be2 Bg7 7. Be3 Nc6 8.
O-O O-O 9. h3 Bd7 10. Qd2 Rc8 11. Nxc6 Bxc6 12. Bf3 Nd7 13. Bd4 Ne5 14. Be2 b6
15. f4 Bh6 16. Be3 Nd7 17. Ba6 Rb8 18. Bb5 Bb7 19. e5 a6 20. Bxd7 Qxd7 21. exd6
Qc6 22. Rad1 Rfd8 23. Qf2 Rxd6 24. Rxd6 Qxd6 25. a3 Qc6 26. Rd1 e6 27. Rd2 Bg7
28. Bxb6 h5 29. Bd4 Rd8 30. Bxg7 Rxd2 31. Qxd2 Kxg7 32. Nd1 Qe4 33. Qf2 Kh7 34.
Ne3 Qd4 35. c4 Be4 36. Kh2 Bb1 37. Ng4 Qxc4 38. Ne5 Qc7 39. Qd4 Bf5 40. Qd7
Qxd7 41. Nxd7 Kg7 42. Nc5 a5 43. Kg3 Kf6 44. Kf3 e5 45. b4 axb4 46. axb4 exf4
47. Kxf4 g5+ 48. Ke3 Ke5 49. b5 Kd5 50. b6 Kc6 51. b7 Kc7 52. Ne4 Bg6 53. Nxg5
Kxb7 54. Kf4 Kc6 55. Ke5 Kd7 56. Kf6 Ke8 57. g3 Kf8 58. Ne6+ Kg8 59. Nf4 Kh7
60. Kg5 h4 61. Nxg6 fxg6 62. Kxh4 Kh6 63. Kg4 Kh7 64. Kg5 Kg7 65. g4 Kh7 66.
Kf6 Kh6 67. h4 Kh7 68. g5 Kg8 69. Kxg6 1-0

[Event "Oberliga Ost B"]
[Site "?"]
[Date "2022.04.30"]
[Round "2.7"]
[White "Berner, Stephan"]
[Black "Frank, Marek"]
[Result "1/2-1/2"]
[WhiteElo "1937"]
[BlackElo "1495"]
[PlyCount "43"]
[EventDate "2021.10.10"]
[EventType "team-tourn"]
[EventCountry "GER"]
[WhiteTeam "Erfurt SV Empor"]
[BlackTeam "Gera ESV"]
[WhiteTeamCountry "GER"]
[BlackTeamCountry "GER"]

1. e4 c5 2. Nc3 Nc6 3. Bb5 Nd4 4. Bc4 g6 5. d3 Bg7 6. Nge2 d6 7. O-O e6 8. Nxd4
cxd4 9. Ne2 a6 10. Bb3 Bd7 11. Bf4 Bc6 12. Qd2 Qd7 13. h3 a5 14. a4 h5 15. c3
dxc3 16. Nxc3 Ne7 17. Rfe1 O-O 18. Bh6 d5 19. Bxg7 Kxg7 20. Qf4 Qd8 21. Qe5+
Kg8 22. exd5 1/2-1/2

[Event "Oberliga Ost B"]
[Site "?"]
[Date "2022.04.30"]
[Round "2.8"]
[White "Hilbig, Dieter"]
[Black "Reuter, Elisa"]
[Result "0-1"]
[WhiteElo "1979"]
[BlackElo "1881"]
[PlyCount "98"]
[EventDate "2021.10.10"]
[EventType "team-tourn"]
[EventCountry "GER"]
[WhiteTeam "Gera ESV"]
[BlackTeam "Erfurt SV Empor"]
[WhiteTeamCountry "GER"]
[BlackTeamCountry "GER"]

1. e4 c5 2. Nc3 Nc6 3. f4 g6 4. Nf3 Bg7 5. Bb5 Nd4 6. O-O Nxb5 7. Nxb5 a6 8.
Nc3 b5 9. d4 cxd4 10. Nxd4 Bb7 11. e5 Qc7 12. Be3 h5 13. Rc1 Nh6 14. Kh1 h4 15.
h3 Nf5 16. Nxf5 gxf5 17. Qd3 Qc6 18. Rf2 Bf8 19. Ne2 Rg8 20. Rg1 e6 21. Kh2 Be7
22. Nd4 Qc7 23. Nf3 Be4 24. Qd4 Rg6 25. Rc1 Rc8 26. Nd2 Bd5 27. c4 bxc4 28.
Nxc4 Bxc4 29. Rfc2 Qb7 30. Qd2 Qd5 31. Qxd5 exd5 32. b3 Rgc6 33. bxc4 dxc4 34.
Bd4 Bc5 35. Bxc5 Rxc5 36. Rc3 Ke7 37. Kg1 f6 38. exf6+ Kxf6 39. Kf2 d5 40. Ke3
Re8+ 41. Kd4 Ra5 42. Re3 Rxe3 43. Kxe3 Rxa2 44. Rd1 Ke6 45. Kf3 Ra3+ 46. Kf2 c3
47. Ke2 Ra2+ 48. Kf3 Rd2 49. Ra1 c2 0-1

[Event "Oberliga Ost B"]
[Site "?"]
[Date "2022.04.30"]
[Round "2.1"]
[White "Wehner, Janis"]
[Black "Siebarth, Raiko"]
[Result "1/2-1/2"]
[WhiteElo "2135"]
[BlackElo "2331"]
[PlyCount "24"]
[EventDate "2021.10.10"]
[EventType "team-tourn"]
[EventCountry "GER"]
[WhiteTeam "Erfurt SV Medizin"]
[BlackTeam "Stadtilm SG BW"]
[WhiteTeamCountry "GER"]
[BlackTeamCountry "GER"]

1. c4 e5 2. Nc3 Nc6 3. g3 g6 4. Bg2 Bg7 5. e3 Nge7 6. Nge2 Nf5 7. O-O h5 8. h4
O-O 9. Nd5 d6 10. d4 Be6 11. Nxc7 Qxc7 12. d5 Bd7 1/2-1/2

[Event "Oberliga Ost B"]
[Site "?"]
[Date "2022.04.30"]
[Round "2.2"]
[White "George, Tom"]
[Black "Nguyen, Huy Dat"]
[Result "1/2-1/2"]
[WhiteElo "2174"]
[BlackElo "2163"]
[PlyCount "104"]
[EventDate "2021.10.10"]
[EventType "team-tourn"]
[EventCountry "GER"]
[WhiteTeam "Stadtilm SG BW"]
[BlackTeam "Erfurt SV Medizin"]
[WhiteTeamCountry "GER"]
[BlackTeamCountry "GER"]

1. e4 c5 2. Nf3 e6 3. d4 cxd4 4. Nxd4 a6 5. c4 Nf6 6. Nc3 Qc7 7. a3 Be7 8. Be3
O-O 9. Be2 d6 10. O-O Nbd7 11. Kh1 b6 12. Rc1 Bb7 13. f3 Rac8 14. Qd2 Rfd8 15.
Rfd1 Bf8 16. b4 g6 17. Bf1 Qb8 18. Nb3 h5 19. Qf2 Ba8 20. Na4 Rc6 21. Nd4 Rcc8
22. Nc2 Rc6 23. b5 axb5 24. cxb5 Rcc8 25. Nxb6 Nxb6 26. Bxb6 Re8 27. a4 d5 28.
e5 Nd7 29. Ba7 Qxe5 30. Bd4 Qd6 31. a5 e5 32. Bb2 Qe6 33. b6 Bc5 34. Qd2 Kg7
35. Ba3 h4 36. h3 d4 37. Bxc5 Nxc5 38. Qb4 Bb7 39. Nxd4 exd4 40. Rxc5 Rcd8 41.
Rxd4 Qe3 42. Rxh4 Rd1 43. Qc4 Rxf1+ 44. Qxf1 Qxc5 45. a6 Bd5 46. b7 Qa5 47. Kh2
Qc7+ 48. Kg1 Qb6+ 49. Kh1 Bc6 50. Qa1+ f6 51. Rf4 Rf8 52. Qc3 Bxb7 1/2-1/2

[Event "Oberliga Ost B"]
[Site "?"]
[Date "2022.04.30"]
[Round "2.3"]
[White "Grund, Sebastian"]
[Black "Schneider, Christian"]
[Result "0-1"]
[WhiteElo "1867"]
[BlackElo "2229"]
[PlyCount "88"]
[EventDate "2021.10.10"]
[EventType "team-tourn"]
[EventCountry "GER"]
[WhiteTeam "Erfurt SV Medizin"]
[BlackTeam "Stadtilm SG BW"]
[WhiteTeamCountry "GER"]
[BlackTeamCountry "GER"]

1. d4 Nf6 2. Nf3 e6 3. c4 Bb4+ 4. Bd2 c5 5. Bxb4 cxb4 6. g3 b6 7. Bg2 Bb7 8.
O-O O-O 9. a3 bxa3 10. Rxa3 Qe7 11. Nc3 d5 12. cxd5 Nxd5 13. Nxd5 Bxd5 14. Qd3
Nc6 15. Rc1 Nb4 16. Qb5 Qd6 17. e3 a6 18. Qe2 Bb7 19. Ne5 Bxg2 20. Kxg2 f6 21.
Nd3 Nd5 22. Qc2 Rfd8 23. Qc6 Ne7 24. Qxd6 Rxd6 25. Rca1 a5 26. Rc1 Rad8 27. Nf4
Kf7 28. Rc7 R8d7 29. Rac3 e5 30. dxe5 fxe5 31. Ne2 Rxc7 32. Rxc7 Rd2 33. Nc3
Ke6 34. Rb7 Rxb2 35. Na4 Rb4 36. Rxb6+ Rxb6 37. Nxb6 Nd5 38. Nc4 a4 39. Kf3 Nc3
40. e4 Nb5 41. Kg4 a3 42. Nxa3 Nxa3 43. h4 Nc4 44. f4 Nd2 0-1

[Event "Oberliga Ost B"]
[Site "?"]
[Date "2022.04.30"]
[Round "2.4"]
[White "Dittrich, Tom"]
[Black "Jakob, Matthias"]
[Result "1/2-1/2"]
[WhiteElo "1975"]
[BlackElo "2108"]
[PlyCount "65"]
[EventDate "2021.10.10"]
[EventType "team-tourn"]
[EventCountry "GER"]
[WhiteTeam "Stadtilm SG BW"]
[BlackTeam "Erfurt SV Medizin"]
[WhiteTeamCountry "GER"]
[BlackTeamCountry "GER"]

1. e4 Nc6 2. Nf3 d6 3. d4 Nf6 4. Nc3 g6 5. Be2 Bg7 6. h3 O-O 7. Be3 a6 8. a4 e5
9. dxe5 dxe5 10. O-O Be6 11. Ng5 Nd4 12. Nxe6 Nxe6 13. a5 Qe7 14. Nd5 Nxd5 15.
Qxd5 c6 16. Qb3 Nd4 17. Qc4 Qe6 18. c3 Nc2 19. Rad1 Nxe3 20. fxe3 Qe7 21. Rf3
Rad8 22. Kh2 Rxd1 23. Bxd1 Bf6 24. Bb3 Kg7 25. Rf1 Rd8 26. Rf2 Rd7 27. Ba2 h6
28. Bb3 Rd8 29. Qf1 Rd7 30. Qc4 Rd8 31. Qf1 Rd7 32. Qc4 Rd8 33. Qf1 1/2-1/2

[Event "Oberliga Ost B"]
[Site "?"]
[Date "2022.04.30"]
[Round "2.5"]
[White "Mueller Ludwig, Kristin"]
[Black "Siebarth, Marco"]
[Result "0-1"]
[WhiteElo "2024"]
[BlackElo "2019"]
[PlyCount "36"]
[EventDate "2021.10.10"]
[EventType "team-tourn"]
[EventCountry "GER"]
[WhiteTeam "Erfurt SV Medizin"]
[BlackTeam "Stadtilm SG BW"]
[WhiteTeamCountry "GER"]
[BlackTeamCountry "GER"]

1. e4 c5 2. Nf3 Nc6 3. d4 cxd4 4. Nxd4 Nf6 5. Nc3 e5 6. Ndb5 d6 7. Bg5 a6 8.
Bxf6 gxf6 9. Na3 b5 10. Nd5 Bg7 11. Bd3 Be6 12. O-O f5 13. c4 bxc4 14. Nxc4 O-O
15. Qh5 fxe4 16. Bxe4 f5 17. Nf4 exf4 18. Bxc6 Rc8 0-1

[Event "Oberliga Ost B"]
[Site "?"]
[Date "2022.04.30"]
[Round "2.7"]
[White "Reichel, Norbert"]
[Black "Neubauer, Andreas"]
[Result "1/2-1/2"]
[WhiteElo "2071"]
[BlackElo "2142"]
[PlyCount "25"]
[EventDate "2021.10.10"]
[EventType "team-tourn"]
[EventCountry "GER"]
[WhiteTeam "Erfurt SV Medizin"]
[BlackTeam "Stadtilm SG BW"]
[WhiteTeamCountry "GER"]
[BlackTeamCountry "GER"]

1. c4 e5 2. g3 Nf6 3. Bg2 Nc6 4. Nc3 Be7 5. Nf3 O-O 6. O-O Rb8 7. d4 exd4 8.
Nxd4 Ne5 9. b3 a6 10. Bb2 Bc5 11. Nd5 d6 12. h3 Bd7 13. Kh2 1/2-1/2

[Event "Oberliga Ost B"]
[Site "?"]
[Date "2022.04.30"]
[Round "2.8"]
[White "Schmidt, Daniel"]
[Black "Fischer, Dennis"]
[Result "0-1"]
[WhiteElo "1865"]
[BlackElo "1961"]
[PlyCount "68"]
[EventDate "2021.10.10"]
[EventType "team-tourn"]
[EventCountry "GER"]
[WhiteTeam "Stadtilm SG BW"]
[BlackTeam "Erfurt SV Medizin"]
[WhiteTeamCountry "GER"]
[BlackTeamCountry "GER"]

1. c4 e5 2. Nc3 Nf6 3. g3 Nc6 4. Bg2 g6 5. d3 Bg7 6. e4 O-O 7. Nge2 d6 8. h3
Nd7 9. g4 Nc5 10. a3 a5 11. Ng3 Nd4 12. Nce2 Ndb3 13. Rb1 Nxc1 14. Nxc1 a4 15.
Nce2 Qh4 16. Ng1 Qe7 17. N1e2 f5 18. exf5 gxf5 19. Nxf5 Rxf5 20. gxf5 Bxf5 21.
Ng3 Bxd3 22. Be4 Bxb1 23. Bxb1 e4 24. Nh5 Nd3+ 25. Bxd3 exd3+ 26. Kf1 Qe2+ 27.
Qxe2 dxe2+ 28. Kxe2 Bxb2 29. Rg1+ Kf8 30. Rg3 Ra5 31. Rf3+ Ke7 32. Ng3 Rc5 33.
Nf5+ Ke6 34. Ne3 Bxa3 0-1

[Event "Oberliga Ost B"]
[Site "?"]
[Date "2022.04.30"]
[Round "2.1"]
[White "Konopka, Michal"]
[Black "Di Capua, Francesco Stefano"]
[Result "0-1"]
[WhiteElo "2383"]
[BlackElo "1954"]
[PlyCount "86"]
[EventDate "2021.10.10"]
[EventType "team-tourn"]
[EventCountry "GER"]
[WhiteTeam "Schoeneck SF"]
[BlackTeam "Gernsheim SK"]
[WhiteTeamCountry "GER"]
[BlackTeamCountry "GER"]

1. d4 Nf6 2. Nf3 e6 3. g3 b5 4. e3 a6 5. a4 b4 6. Bg2 Bb7 7. O-O c5 8. c4 d5 9.
Nbd2 Nbd7 10. b3 Be7 11. Bb2 O-O 12. Qe2 Rc8 13. Rac1 Rc7 14. cxd5 Bxd5 15.
Qxa6 c4 16. bxc4 Nb8 17. Qa5 Nc6 18. Qxc7 Qxc7 19. cxd5 Nxd5 20. Ne5 Nc3 21.
Nxc6 Ne2+ 22. Kh1 Nxc1 23. Rxc1 Bd6 24. a5 h5 25. a6 Kh7 26. a7 Ra8 27. Ra1 h4
28. gxh4 Bf8 29. Nc4 f6 30. Be4+ Kh6 31. Ra5 f5 32. Bf3 b3 33. Kg2 g6 34. Ra6
Bg7 35. Nb6 Rxa7 36. Nxa7 Qc2 37. Na4 Bf6 38. Rc6 Qd2 39. Bc1 Qa2 40. e4+ Kg7
41. Rc7+ Kg8 42. Nc3 Bxd4 43. Nab5 Qxf2+ 0-1

[Event "Oberliga Ost B"]
[Site "?"]
[Date "2022.04.30"]
[Round "2.2"]
[White "Neumann, Martin"]
[Black "Marchio, Enrico"]
[Result "0-1"]
[WhiteElo "2101"]
[BlackElo "2305"]
[PlyCount "80"]
[EventDate "2021.10.10"]
[EventType "team-tourn"]
[EventCountry "GER"]
[WhiteTeam "Gernsheim SK"]
[BlackTeam "Schoeneck SF"]
[WhiteTeamCountry "GER"]
[BlackTeamCountry "GER"]

1. d4 d5 2. c4 c6 3. Nc3 Nf6 4. e3 a6 5. f4 b5 6. c5 Bf5 7. Nf3 Nbd7 8. Be2 e6
9. O-O Be7 10. h3 Ne4 11. Nxe4 Bxe4 12. Bd2 O-O 13. Be1 Re8 14. Ne5 Nxe5 15.
fxe5 Bg5 16. Qd2 f5 17. exf6 Bxf6 18. Bg3 e5 19. a4 Qe7 20. Bg4 Qb7 21. a5 Rad8
22. b4 Qe7 23. Rf2 Bg6 24. Raf1 exd4 25. exd4 h5 26. Re2 Qf7 27. Bf3 Rxe2 28.
Bxe2 Qe6 29. Bf3 Re8 30. Re1 Qf5 31. Rxe8+ Bxe8 32. Kh2 Bd7 33. Bd1 Qe4 34. Bc2
Qxd4 35. Qe2 h4 36. Bd6 Bg5 37. Qf3 Qf6 38. Qd3 g6 39. Qxg6+ Qxg6 40. Bxg6 Bd2
0-1

[Event "Oberliga Ost B"]
[Site "?"]
[Date "2022.04.30"]
[Round "2.3"]
[White "Heinatz, Thomas"]
[Black "Hebbering, Tom Elliot"]
[Result "1-0"]
[WhiteElo "2307"]
[BlackElo "2230"]
[PlyCount "77"]
[EventDate "2021.10.10"]
[EventType "team-tourn"]
[EventCountry "GER"]
[WhiteTeam "Schoeneck SF"]
[BlackTeam "Gernsheim SK"]
[WhiteTeamCountry "GER"]
[BlackTeamCountry "GER"]

1. e4 c5 2. Nc3 g6 3. Nf3 Bg7 4. d4 cxd4 5. Nxd4 Nc6 6. Be3 Nf6 7. Bc4 O-O 8.
Bb3 d6 9. f3 Qa5 10. Qd2 Nxd4 11. Bxd4 Be6 12. O-O-O b5 13. Kb1 Bxb3 14. cxb3
Rfc8 15. a3 b4 16. Na2 Qc7 17. Rc1 Qb7 18. Qxb4 Qxb4 19. Nxb4 Nxe4 20. Bxg7
Nd2+ 21. Ka2 Kxg7 22. Rcd1 a5 23. Nd5 Nxb3 24. Kxb3 Rab8+ 25. Ka2 Rc2 26. Rb1
Rxg2 27. Nxe7 Rb5 28. Nc6 Rd2 29. h4 h5 30. Rhd1 Rf2 31. Rxd6 Rb6 32. a4 Rh2
33. Ka3 Rxh4 34. b4 Rhxb4 35. Rxb4 axb4+ 36. Kb3 h4 37. a5 Rb5 38. a6 Rb6 39.
a7 1-0

[Event "Oberliga Ost B"]
[Site "?"]
[Date "2022.04.30"]
[Round "2.4"]
[White "Dietz, Holger"]
[Black "Nazarenus, Moritz"]
[Result "1-0"]
[WhiteElo "2293"]
[BlackElo "2232"]
[PlyCount "103"]
[EventDate "2021.10.10"]
[EventType "team-tourn"]
[EventCountry "GER"]
[WhiteTeam "Gernsheim SK"]
[BlackTeam "Schoeneck SF"]
[WhiteTeamCountry "GER"]
[BlackTeamCountry "GER"]

1. e4 c6 2. c4 e5 3. Nf3 d6 4. d4 Bg4 5. Be3 Nd7 6. Nc3 Ngf6 7. h3 Bh5 8. g4
Bg6 9. Nd2 Be7 10. Be2 h6 11. h4 Qc7 12. d5 a6 13. f3 Rc8 14. Nf1 cxd5 15. cxd5
b5 16. Ng3 Nb6 17. Rc1 Qb7 18. Kf2 Nfd7 19. h5 Bh7 20. Qd2 Nc4 21. Bxc4 Rxc4
22. Nb1 O-O 23. Rxc4 bxc4 24. Na3 Rc8 25. Rc1 Nc5 26. Nxc4 Qb5 27. b3 a5 28.
Kg2 a4 29. Nxe5 axb3 30. axb3 Qxb3 31. Nc6 Bf8 32. Bxc5 dxc5 33. Qc3 Qa4 34.
Qc4 Qxc4 35. Rxc4 f6 36. Ra4 Rc7 37. Ra8 Rb7 38. Rb8 Rxb8 39. Nxb8 c4 40. Nc6
Bc5 41. Kf1 Bd6 42. Nf5 Bf4 43. Ke2 g6 44. Nce7+ Kf7 45. hxg6+ Bxg6 46. Nxg6
Kxg6 47. Kd1 h5 48. gxh5+ Kxh5 49. Ke2 Be5 50. Ne3 c3 51. Nc4 Bd4 52. d6 1-0

[Event "Oberliga Ost B"]
[Site "?"]
[Date "2022.04.30"]
[Round "2.5"]
[White "Meyer, Kai Christian"]
[Black "Mueller, Maximilian"]
[Result "1/2-1/2"]
[WhiteElo "2230"]
[BlackElo "2314"]
[PlyCount "45"]
[EventDate "2021.10.10"]
[EventType "team-tourn"]
[EventCountry "GER"]
[WhiteTeam "Schoeneck SF"]
[BlackTeam "Gernsheim SK"]
[WhiteTeamCountry "GER"]
[BlackTeamCountry "GER"]

1. d4 d5 2. Bg5 Qd6 3. Nc3 Nf6 4. Nf3 Ne4 5. Qd3 Nxg5 6. Nxg5 c6 7. Nxh7 g6 8.
Nxf8 Bf5 9. Qd2 Rxh2 10. Rxh2 Qxh2 11. Nxg6 Bxg6 12. e4 dxe4 13. d5 cxd5 14.
Nxd5 Nc6 15. O-O-O Bh5 16. Qh6 O-O-O 17. g4 e6 18. Ne3 Qxf2 19. gxh5 Nd4 20.
Qg5 Rd5 21. Qg8+ Rd8 22. Qg5 Rd5 23. Qg8+ 1/2-1/2

[Event "Oberliga Ost B"]
[Site "?"]
[Date "2022.04.30"]
[Round "2.6"]
[White "Peterson, Emery"]
[Black "Kirchner, Markus"]
[Result "1/2-1/2"]
[WhiteElo "2188"]
[BlackElo "1963"]
[PlyCount "88"]
[EventDate "2021.10.10"]
[EventType "team-tourn"]
[EventCountry "GER"]
[WhiteTeam "Gernsheim SK"]
[BlackTeam "Schoeneck SF"]
[WhiteTeamCountry "GER"]
[BlackTeamCountry "GER"]

1. d4 f5 2. e3 Nf6 3. Bd3 g6 4. c4 Bg7 5. Nc3 d6 6. Nge2 e5 7. Bd2 O-O 8. O-O
Nc6 9. f3 Qe7 10. d5 Nb4 11. Bb1 Na6 12. a3 c5 13. Ng3 Bd7 14. Qe2 Nc7 15. Bd3
a6 16. Rab1 b6 17. b4 Rfb8 18. Rfc1 h5 19. e4 f4 20. Nh1 g5 21. g3 Kf7 22. Nf2
h4 23. gxh4 gxh4 24. Qe1 Nh7 25. Kf1 Qg5 26. bxc5 bxc5 27. Rxb8 Rxb8 28. Rb1
Qd8 29. Ke2 Ng5 30. Qc1 Bf6 31. Ncd1 Na8 32. Nc3 Rxb1 33. Qxb1 Qb6 34. Qc2 Qb8
35. Na2 Be7 36. Qc3 Nc7 37. Bc2 Ne8 38. Nc1 Nf6 39. Ncd3 Qg8 40. Ne1 Nh3 41.
Nxh3 Bxh3 42. Kf2 Bc8 43. Qa5 h3 44. Qc7 Qd8 1/2-1/2

[Event "Oberliga Ost B"]
[Site "?"]
[Date "2022.04.30"]
[Round "2.7"]
[White "Weiss, Matthias"]
[Black "Schupp, Uwe"]
[Result "1/2-1/2"]
[WhiteElo "2040"]
[BlackElo "2112"]
[PlyCount "53"]
[EventDate "2021.10.10"]
[EventType "team-tourn"]
[EventCountry "GER"]
[WhiteTeam "Schoeneck SF"]
[BlackTeam "Gernsheim SK"]
[WhiteTeamCountry "GER"]
[BlackTeamCountry "GER"]

1. e4 d6 2. d4 Nf6 3. Nc3 e5 4. Nf3 exd4 5. Nxd4 Be7 6. Bc4 O-O 7. O-O c6 8. a4
a5 9. b3 Re8 10. Bb2 Bf8 11. Re1 Na6 12. Qd2 Nc5 13. f3 Bd7 14. Rad1 Qb6 15.
Kh1 Rad8 16. Qg5 h6 17. Qf4 Ne6 18. Nxe6 Bxe6 19. Bxe6 Rxe6 20. Ne2 Qc5 21. Nd4
Ree8 22. Nf5 Nh7 23. Qd2 d5 24. Bd4 Qb4 25. Bc3 Qc5 26. Bd4 Qb4 27. Bc3 1/2-1/2

[Event "Oberliga Ost B"]
[Site "?"]
[Date "2022.04.30"]
[Round "2.8"]
[White "Lukas, Anne"]
[Black "Mueller, Achim"]
[Result "0-1"]
[WhiteElo "2025"]
[BlackElo "2101"]
[PlyCount "112"]
[EventDate "2021.10.10"]
[EventType "team-tourn"]
[EventCountry "GER"]
[WhiteTeam "Gernsheim SK"]
[BlackTeam "Schoeneck SF"]
[WhiteTeamCountry "GER"]
[BlackTeamCountry "GER"]

1. Nf3 Nf6 2. g3 g6 3. b3 Bg7 4. Bb2 O-O 5. Bg2 c5 6. O-O Nc6 7. c4 d6 8. d4
Rb8 9. Na3 a6 10. dxc5 dxc5 11. Qc1 Qc7 12. Nc2 b6 13. Ne3 e6 14. Rd1 Bb7 15.
a3 Rbd8 16. Qc2 Qb8 17. Rxd8 Rxd8 18. Rd1 Qc7 19. Bc3 a5 20. h4 Qe7 21. Ne5 Nd4
22. Qb2 Bxg2 23. Kxg2 Qd6 24. Nf3 Ne4 25. Bxd4 cxd4 26. Qc2 f5 27. a4 Qc7 28.
Nf1 e5 29. h5 Nc5 30. hxg6 hxg6 31. Nh4 Qc6+ 32. f3 Qf6 33. Nd2 Rf8 34. Kh2 g5
35. Ng2 Qe6 36. Rf1 Re8 37. Qb1 Bf8 38. g4 fxg4 39. fxg4 e4 40. Rf5 Bd6+ 41.
Kg1 Qh6 42. Nf1 Re5 43. Rxe5 Bxe5 44. b4 axb4 45. Qxb4 d3 46. exd3 Bd4+ 47.
Nfe3 exd3 48. Qd2 Qh3 49. Qf2 Ne4 50. Qe1 Qxg4 51. Kf1 Qf3+ 52. Kg1 d2 53. Qf1
d1=Q 54. Kh2 Qg3+ 55. Kh1 Qh5+ 56. Kg1 Qhh2# 0-1

[Event "Oberliga Ost B"]
[Site "?"]
[Date "2022.04.30"]
[Round "2.1"]
[White "Grabarczyk, Bogdan"]
[Black "Heinz, Axel"]
[Result "0-1"]
[WhiteElo "2380"]
[BlackElo "2438"]
[PlyCount "56"]
[EventDate "2021.10.10"]
[EventType "team-tourn"]
[EventCountry "GER"]
[WhiteTeam "Griesheim SV"]
[BlackTeam "Oberursel SV"]
[WhiteTeamCountry "GER"]
[BlackTeamCountry "GER"]

1. e4 e5 2. Nc3 Nf6 3. g3 d5 4. exd5 Nxd5 5. Bg2 Nxc3 6. bxc3 Nc6 7. Qe2 Bd6 8.
Nf3 O-O 9. O-O Bg4 10. h3 Be6 11. d4 exd4 12. cxd4 Qd7 13. Ng5 Bf5 14. g4 Nxd4
15. Qd2 Bf4 16. Qa5 Bxc1 17. Raxc1 Ne2+ 18. Kh1 Nxc1 19. gxf5 Ne2 20. f6 g6 21.
Ne4 h6 22. Re1 Nf4 23. Qe5 Qf5 24. Qxc7 Rac8 25. Qe7 Nxg2 26. Kxg2 Rfe8 27.
Qxb7 Rxc2 28. Kg3 Rc3+ 0-1

[Event "Oberliga Ost B"]
[Site "?"]
[Date "2022.04.30"]
[Round "2.2"]
[White "Margolin, Boris"]
[Black "Braun, Vitali"]
[Result "0-1"]
[WhiteElo "2402"]
[BlackElo "2345"]
[PlyCount "98"]
[EventDate "2021.10.10"]
[EventType "team-tourn"]
[EventCountry "GER"]
[WhiteTeam "Oberursel SV"]
[BlackTeam "Griesheim SV"]
[WhiteTeamCountry "GER"]
[BlackTeamCountry "GER"]

1. e4 e6 2. Qe2 c5 3. f4 Nc6 4. Nf3 g6 5. g3 Bg7 6. Bg2 Nge7 7. O-O O-O 8. c3
Rb8 9. Na3 d6 10. Rd1 a6 11. d4 cxd4 12. cxd4 d5 13. e5 b5 14. Nc2 b4 15. b3
Qb6 16. Be3 a5 17. g4 Ba6 18. Qf2 Rfc8 19. Bh3 Rc7 20. Rd2 Rbc8 21. Nce1 Na7
22. Qh4 Rc3 23. Kf2 Nec6 24. Ng2 Qd8 25. Qg3 Nb5 26. Kg1 Na3 27. Nfe1 a4 28. f5
axb3 29. axb3 Rxb3 30. Qf2 Qb6 31. fxe6 fxe6 32. g5 Re8 33. Rda2 Bc8 34. Rd1
Nc4 35. Re2 Rf8 36. Nf3 Ne7 37. Bg4 Nf5 38. Bf4 Bd7 39. Kh1 Ra3 40. Nfe1 Bb5
41. Bxf5 Rxf5 42. Nd3 Rxd3 43. Rxd3 Nxe5 44. Rdd2 Bxe2 45. Rxe2 Nc4 46. Qe1
Qxd4 47. Rxe6 Rxf4 48. Re8+ Rf8 49. Qe6+ Kh8 0-1

[Event "Oberliga Ost B"]
[Site "?"]
[Date "2022.04.30"]
[Round "2.3"]
[White "Nothnagel, Holger"]
[Black "Dubiel, Jacek"]
[Result "1/2-1/2"]
[WhiteElo "2318"]
[BlackElo "2419"]
[PlyCount "49"]
[EventDate "2021.10.10"]
[EventType "team-tourn"]
[EventCountry "GER"]
[WhiteTeam "Griesheim SV"]
[BlackTeam "Oberursel SV"]
[WhiteTeamCountry "GER"]
[BlackTeamCountry "GER"]

1. e4 c5 2. b3 g6 3. Bb2 Nf6 4. Bxf6 exf6 5. Nc3 Bg7 6. g3 b6 7. Bg2 Bb7 8.
Nge2 Nc6 9. O-O O-O 10. d3 Ne7 11. Qd2 d5 12. Nxd5 Nxd5 13. exd5 Bxd5 14. Bxd5
Qxd5 15. Rad1 f5 16. Rfe1 Rad8 17. Nf4 Qd6 18. Ng2 Rd7 19. Re2 Bf6 20. Rde1 Kg7
21. Nf4 Bg5 22. Ne6+ fxe6 23. Qxg5 Rf6 24. Re5 Re7 25. Qe3 1/2-1/2

[Event "Oberliga Ost B"]
[Site "?"]
[Date "2022.04.30"]
[Round "2.4"]
[White "Akbarinia, Sayed Arash"]
[Black "Koehler, Ronald"]
[Result "1-0"]
[WhiteElo "2377"]
[BlackElo "2182"]
[PlyCount "81"]
[EventDate "2021.10.10"]
[EventType "team-tourn"]
[EventCountry "GER"]
[WhiteTeam "Oberursel SV"]
[BlackTeam "Griesheim SV"]
[WhiteTeamCountry "GER"]
[BlackTeamCountry "GER"]

1. d4 Nf6 2. Nf3 e6 3. g3 c5 4. Bg2 cxd4 5. Nxd4 d5 6. O-O e5 7. Nb3 Be6 8. Nc3
Nc6 9. Bg5 d4 10. Ne4 Be7 11. Bxf6 gxf6 12. Qd2 h5 13. Nec5 Bc8 14. h4 Qb6 15.
Nd3 Be6 16. c3 Rd8 17. cxd4 Bxb3 18. Bxc6+ bxc6 19. axb3 Rxd4 20. Qe3 Rg8 21.
Rfc1 Rg6 22. Kh2 Kf8 23. Rc4 c5 24. Rxd4 cxd4 25. Qe4 Kg7 26. Qd5 Bd6 27. Rc1
Qb8 28. Qf3 e4 29. Qxe4 Bxg3+ 30. Kh1 Rg4 31. Qf3 Rxh4+ 32. Kg2 Rh2+ 33. Kg1
Bd6 34. b4 Kh8 35. Qxf6+ Kg8 36. Qg5+ Kh8 37. Qh6+ Kg8 38. Rc6 Bc7 39. Qg5+ Kf8
40. Qc5+ Kg7 41. Rxc7 1-0

[Event "Oberliga Ost B"]
[Site "?"]
[Date "2022.04.30"]
[Round "2.5"]
[White "Flach, Erich"]
[Black "Stork, Oliver"]
[Result "0-1"]
[WhiteElo "2058"]
[BlackElo "2313"]
[PlyCount "58"]
[EventDate "2021.10.10"]
[EventType "team-tourn"]
[EventCountry "GER"]
[WhiteTeam "Griesheim SV"]
[BlackTeam "Oberursel SV"]
[WhiteTeamCountry "GER"]
[BlackTeamCountry "GER"]

1. c4 b6 2. Nc3 Bb7 3. e4 e5 4. Nf3 Nc6 5. d4 exd4 6. Nxd4 Bb4 7. Be3 Nf6 8. f3
Bxc3+ 9. bxc3 d6 10. Nf5 g6 11. Nd4 Nd7 12. Be2 Qe7 13. O-O O-O-O 14. Nc2 Na5
15. Bf2 Kb8 16. Ne3 Qe6 17. Nd5 f5 18. exf5 gxf5 19. Re1 Qf7 20. Bd3 Ne5 21.
Bd4 Rhg8 22. Bxe5 dxe5 23. Rxe5 Rxg2+ 24. Kxg2 Qg7+ 25. Kf2 Qxe5 26. f4 Qd6 27.
Qf3 Nxc4 28. Bxc4 Qc5+ 29. Qe3 Qxc4 0-1

[Event "Oberliga Ost B"]
[Site "?"]
[Date "2022.04.30"]
[Round "2.6"]
[White "Weber, Samuel"]
[Black "Nothnagel, Markus"]
[Result "1/2-1/2"]
[WhiteElo "2265"]
[BlackElo "2202"]
[PlyCount "97"]
[EventDate "2021.10.10"]
[EventType "team-tourn"]
[EventCountry "GER"]
[WhiteTeam "Oberursel SV"]
[BlackTeam "Griesheim SV"]
[WhiteTeamCountry "GER"]
[BlackTeamCountry "GER"]

1. Nf3 Nf6 2. g3 b6 3. Bg2 Bb7 4. c4 e6 5. O-O Be7 6. b3 O-O 7. Bb2 d5 8. cxd5
Nxd5 9. d4 Nd7 10. Ne5 c5 11. Nxd7 Qxd7 12. dxc5 Bxc5 13. Nc3 Rfd8 14. Ne4 Bf8
15. Qb1 f6 16. Rd1 Qc7 17. a3 Rac8 18. Qa2 Qf7 19. Rac1 Rxc1 20. Rxc1 Rc8 21.
Qb1 Rxc1+ 22. Qxc1 Qd7 23. h4 Qb5 24. Qd1 Ba6 25. Bf3 Be7 26. h5 h6 27. Qc2 Qd7
28. Nd2 Bb5 29. Nc4 Bf8 30. Be4 Ne7 31. Ne3 Bc6 32. Bxc6 Qxc6 33. Qd3 b5 34.
Ng2 Qd5 35. Qxd5 Nxd5 36. e4 Ne7 37. Kf1 Nc6 38. Ne3 Bc5 39. Nc2 Bb6 40. Bc3
Kf7 41. Ke2 Bc5 42. f3 Ke7 43. f4 e5 44. a4 a6 45. axb5 axb5 46. Ne3 Bxe3 47.
Kxe3 Ke6 48. fxe5 fxe5 49. g4 1/2-1/2